| 000 | 00000nam##2200000za#4500 |
| 001 | 9.683271 |
| 003 | CaOODSP |
| 005 | 20210615133439 |
| 007 | ta |
| 008 | 150407|2006||||xxc||||| f|0| 0 fre|d |
| 020 | |a0-662-71583-7 |
| 040 | |aCaOODSP|bfre |
| 043 | |an-cn--- |
| 086 | 1 |aSC103-24/2-2006F |
| 110 | 2 |aÉcole de la fonction publique du Canada. |
| 245 | 10|aIntroduction au français langue seconde - guide pédagogique |
| 260 | |aOttawa - Ontario : |bÉcole de la fonction publique du Canada |c2006. |
| 300 | |aiv, 79p. : |bill. en couleur, références, tableaux ; |c28 cm. |
| 504 | |aBibliographie. |
| 520 | 3 |aCe guide pédagogique porte sur la méthode Introduction au français langue seconde, qui s’adresse aux fonctionnaires fédéraux n’ayant jamais suivi de cours de français. Ses différents chapitres portent sur la présentation de la méthode (clientèle cible, objectifs généraux, durée et déroulement de la formation, matériel et ressources supplémentaires), le plan général de la formation, le contenu et la philosophie générale de la formation. Ils traitent également de l’organisation des modules et offrent des suggestions pour enseigner la méthode. Renferme des annexes et des références. |
| 563 | |aReliure à spirale |
| 590 | |a07-11|b2007-03-16 |
| 691 | 07|aFrançais langue seconde|2gcpds |
| 776 | 0#|tIntroduction au français langue seconde - guide pédagogique / |w(CaOODSP)9.644153 |